Alle voormalige vlaggen van de wereld - Statistieken

Algemene statistieken
  • Deze quiz is 40 keer genomen
  • De gemiddelde score is 54 van 196
Antwoordstatistieken
Foto Antwoord % Correct
Verenigde Staten
100%
Australië
94%
Verenigd Koninkrijk
94%
Rusland
81%
Zuid-Korea
77%
Frankrijk
74%
Italië
74%
België
71%
Bulgarije
71%
Nederland
71%
Albanië
68%
Bhutan
68%
Hongarije
68%
Kosovo
68%
Libanon
68%
Nepal
68%
Noorwegen
68%
Zwitserland
68%
Bangladesh
65%
Cyprus
65%
Israël
65%
Ivoorkust
65%
Niger
65%
Turkije
65%
Vaticaanstad
65%
Zweden
65%
Tunesië
61%
Ierland
58%
Spanje
58%
Mexico
55%
Peru
55%
Dominicaanse Republiek
52%
Saoedi-Arabië
52%
Japan
48%
Nieuw-Zeeland
48%
Polen
48%
India
45%
Mauritanië
45%
Oostenrijk
45%
Eswatini
42%
Kroatië
42%
Oman
42%
Panama
42%
Servië
42%
Turkmenistan
42%
Venezuela
42%
Liechtenstein
39%
Monaco
39%
Papoea-Nieuw-Guinea
39%
Paraguay
39%
Somalië
39%
Uruguay
39%
Angola
35%
Belize
35%
Denemarken
35%
Filipijnen
35%
Gabon
35%
Honduras
35%
IJsland
35%
Kameroen
35%
Maldiven
35%
Mozambique
35%
Zuid-Soedan
35%
Bahrein
32%
Brunei
32%
Canada
32%
Chili
32%
Costa Rica
32%
Cuba
32%
El Salvador
32%
Micronesia
32%
Namibië
32%
Nicaragua
32%
Syrië
32%
Burundi
29%
Djibouti
29%
Eritrea
29%
Haïti
29%
Jordanië
29%
Libië
29%
Noord-Korea
29%
Qatar
29%
Taiwan
29%
Zuid-Afrika
29%
Afghanistan
26%
Duitsland
26%
Iran
26%
Kiribati
26%
Malawi
26%
Mongolië
26%
Saint Lucia
26%
Sao Tomé en Principe
26%
Sri Lanka
26%
Thailand
26%
Zambia
26%
Argentinië
23%
Griekenland
23%
Guatemala
23%
Irak
23%
Laos
23%
Liberia
23%
Luxemburg
23%
Noord-Macedonië
23%
Rwanda
23%
Tsjaad
23%
Andorra
19%
Centraal-Afrikaanse Republiek
19%
Equatoriaal-Guinea
19%
Guinee
19%
Guinee-Bissau
19%
Mali
19%
Oeganda
19%
Roemenië
19%
Vietnam
19%
China
16%
Comoren
16%
Georgië
16%
Indonesië
16%
Myanmar
16%
Slovenië
16%
Bahama's
13%
Barbados
13%
Bosnië en Herzegovina
13%
Brazilië
13%
Colombia
13%
Democratische Republiek Congo
13%
Ecuador
13%
Estland
13%
Ethiopië
13%
Finland
13%
Lesotho
13%
Oost-Timor
13%
Portugal
13%
Tanzania
13%
Zimbabwe
13%
Armenië
10%
Cambodja
10%
Egypte
10%
Montenegro
10%
San Marino
10%
Slowakije
10%
Suriname
10%
Tadzjikistan
10%
Belarus
6%
Benin
6%
Bolivia
6%
Gambia
6%
Ghana
6%
Jamaica
6%
Kaapverdië
6%
Kazachstan
6%
Kenia
6%
Letland
6%
Litouwen
6%
Maleisië
6%
Malta
6%
Mauritius
6%
Moldavië
6%
Nigeria
6%
Oekraïne
6%
Pakistan
6%
Saint Vincent en de Grenadines
6%
Seychellen
6%
Sierra Leone
6%
Singapore
6%
Soedan
6%
Togo
6%
Tonga
6%
Tsjechië
6%
Azerbeidzjan
3%
Botswana
3%
Dominica
3%
Fiji
3%
Grenada
3%
Kirgizië
3%
Koeweit
3%
Madagaskar
3%
Marokko
3%
Marshalleilanden
3%
Oezbekistan
3%
Salomonseilanden
3%
Senegal
3%
Tuvalu
3%
Vanuatu
3%
Algerije
0%
Antigua en Barbuda
0%
Burkina Faso
0%
Guyana
0%
Jemen
0%
Nauru
0%
Palau
0%
Republiek Congo
0%
Saint Kitts en Nevis
0%
Samoa
0%
Trinidad en Tobago
0%
Verenigde Arabische Emiraten
0%
Geen overeenkomende quizzen gevonden
Scoreverdeling
Procent van Mensen met Elke Score
Percentiel versus Aantal Correcte Antwoorden
Uw Scoregeschiedenis
U heeft deze quiz nog niet genomen